000 00491nam a2200157Ia 4500
008 220216s9999 xx 000 0 und d
100 _aPrasanthakumar R.
245 0 _aDielectric properties of short sisal fibre reinforced styrene-butadiene rubber composites
260 _bScience and Engineering of Composite Materials
_c1999
300 _a311-326
650 _aDielectric property
650 _aSisal fibre
650 _aStyrene butadiene rubber
700 _aThomas S.
942 _cBS
999 _c52122
_d52122